Bierovské zvesti

Bibliographic Details
Format: Journal
Language:Slovak
PhysicalDescription:zv. 30 cm
Published: Veľké Bierovce Obecný úrad Veľké Bierovce 1997-
Subjects:
Online Access:http://www.velkebierovce.sk/obecny-urad/obecne-noviny/

MARC

LEADER 00000cas a2200000 a 4500
001 vtls008844210
003 SK-MaSNL
005 20260228161412.0
008 060904c19979999xo fr|p 0 b0slo
040 |a SNK  |b slo  |c SNK  |e AACR2 
041 0 |a slo 
043 |a e-xo--- 
044 |a xo  |c SK 
072 7 |a 352/354  |x Stupne miestnej, oblastnej a ústrednej správy  |2 konspekt 
072 7 |a 394  |x Verejný a spoločenský život. Každodenný život  |2 konspekt072 
072 7 |a 316.7  |x Sociológia kultúry. Kultúrny život  |2 konspekt 
080 |a 352  |2 2011 
080 |a 394  |2 2011 
080 |a 316.728  |2 2011 
080 |a 050  |2 2011 
080 |a (437.6)  |2 2011 
080 |a (051)+(054)  |2 2011 
245 0 0 |a Bierovské zvesti 
260 |a Veľké Bierovce  |b Obecný úrad Veľké Bierovce  |c 1997- 
300 |a zv.  |c 30 cm 
310 |a 1x ročne  |b 2010- 
321 |a 2x ročne  |b 1997-2009 
362 0 |a Roč. I, č. 1 (apr. 1997)- 
500 |a Zodp. red.: 1/1997-1/2010, Marta Bulková ; 1/2011-1/2014, Alena Zhanačová 
500 |a Registrácia: Okresný úrad Trenčín č. 97/02260 - PT1 
515 |a V č. 1/2009 a č. 2/2009 chybne označenie roč. IXI, správne má byť XII 
515 |a V rokoch 2017, 2018, 2020 chybné označenie ročníkov preto ich neuvádzame 
515 |a Roky 2015, 2016 nevydali 
650 0 7 |a miestna správa  |2 SNKPH  |9 29496 
650 0 7 |a spoločenský život  |2 SNKPH  |9 28654 
651 7 |a Veľké Bierovce (Slovensko)  |2 SNKPHgeo  |9 169575 
655 7 |a miestne periodiká  |2 SNKPH  |9 160938 
700 1 |a Bulková, Marta  |4 lso  |9 268559 
700 1 |a Zhanačová, Alena  |4 lso  |9 268560 
710 1 |a Veľké Bierovce (Slovensko).  |b Obecný úrad  |4 pbl  |9 191898 
856 4 1 |u http://www.velkebierovce.sk/obecny-urad/obecne-noviny/ 
910 |a snk 
999 |c 5231  |d 7161 
952 |0 0  |1 0  |4 0  |7 0  |8 0  |a SNK  |b SNK  |d 2022-03-24  |i snk2022/4633  |l 0  |o snkČSB 7486/2017  |p 17A1462636  |r 2026-02-21 20:09:51  |t č. 1  |w 2026-02-21  |y PREZ 
952 |0 0  |1 0  |4 0  |7 0  |8 0  |a SNK  |b SNK  |d 2022-03-24  |i snk2022/4636  |l 0  |o snkČSB 7486/2018  |p 17A1462637  |r 2026-02-21 20:09:51  |t č. 1-2  |w 2026-02-21  |y PREZ 
952 |0 0  |1 0  |4 0  |7 0  |8 0  |a SNK  |b SNK  |d 2022-03-24  |i snk2022/4637  |l 0  |o snkČSB 7486/2020  |p 17A1462638  |r 2026-02-21 20:09:51  |t č. 1  |w 2026-02-21  |y PREZ 
952 |0 0  |1 0  |3 Spoločne zviazané r. 1997-2000  |4 0  |7 0  |8 0  |a SNK  |b SNK  |d 2020-02-19  |i snk2020/3822  |l 0  |o snkČSB 7486/1/1997  |p 17A1386550  |r 2026-02-21 22:29:36  |t č. 1-2  |w 2026-02-21  |y PREZ  |z Spoločne zviazané r. 1997-2000 
952 |0 0  |1 0  |3 Spoločne zviazané r. 1997-2000  |4 0  |7 0  |8 0  |a SNK  |b SNK  |d 2020-02-19  |i snk2020/3822  |l 0  |o snkČSB 7486/2/1998  |p 17A1386549  |r 2026-02-21 22:29:36  |t č. 1-3  |w 2026-02-21  |y PREZ  |z Spoločne zviazané r. 1997-2000 
952 |0 0  |1 0  |3 Spoločne zviazané r. 1997-2000  |4 0  |7 0  |8 0  |a SNK  |b SNK  |d 2020-02-19  |i snk2020/3822  |l 0  |o snkČSB 7486/3/1999  |p 17A1386548  |r 2026-02-21 22:29:37  |t č. 1-2  |w 2026-02-21  |y PREZ  |z Spoločne zviazané r. 1997-2000 
952 |0 0  |1 0  |3 Spoločne zviazané r. 1997-2000  |4 0  |7 0  |8 0  |a SNK  |b SNK  |d 2020-02-19  |i snk2020/3822  |l 0  |o snkČSB 7486/4/2000  |p 17A1386547  |r 2026-02-21 22:29:37  |t č. 1  |w 2026-02-21  |y PREZ  |z Spoločne zviazané r. 1997-2000 
952 |0 0  |1 0  |3 Spoločne zviazané r. 2003,2005-2010  |4 0  |7 0  |8 0  |a SNK  |b SNK  |d 2020-02-19  |i snk2020/3956  |l 0  |o snkČSB 7486/6/2003  |p 17A1386546  |r 2026-02-21 22:29:37  |t č. 1-2  |w 2026-02-21  |y PREZ  |z Spoločne zviazané r. 2003,2005-2010 
952 |0 0  |1 0  |3 Spoločne zviazané r. 2003,2005-2010  |4 0  |7 0  |8 0  |a SNK  |b SNK  |d 2020-02-19  |i snk2020/3956  |l 0  |o snkČSB 7486/8/2005  |p 17A1386545  |r 2026-02-21 22:29:37  |t č. 1-2  |w 2026-02-21  |y PREZ  |z Spoločne zviazané r. 2003,2005-2010 
952 |0 0  |1 0  |3 Spoločne zviazané r. 2003,2005-2010  |4 0  |7 0  |8 0  |a SNK  |b SNK  |d 2020-02-19  |i snk2020/3956  |l 0  |o snkČSB 7486/10/2007  |p 17A1386543  |r 2026-02-21 22:29:37  |t č. 1-2  |w 2026-02-21  |y PREZ  |z Príl.: Daň z nehnuteľnosti - upravené sadzby dane obce v č. 2. ; Spoločne zviazané r. 2003,2005-2010 
952 |0 0  |1 0  |3 Spoločne zviazané r. 2003,2005-2010  |4 0  |7 0  |8 0  |a SNK  |b SNK  |d 2020-02-19  |i snk2020/3956  |l 0  |o snkČSB 7486/9/2006  |p 17A1386544  |r 2026-02-21 22:29:37  |t č. 1-2  |w 2026-02-21  |y PREZ  |z Spoločne zviazané r. 2003,2005-2010 
952 |0 0  |1 0  |3 Spoločne zviazané r. 2003,2005-2010  |4 0  |7 0  |8 0  |a SNK  |b SNK  |d 2020-02-19  |i snk2020/3956  |l 0  |o snkČSB 7486/11/2008  |p 17A1386542  |r 2026-02-21 22:29:40  |t č. 1-2  |w 2026-02-21  |y PREZ  |z Spoločne zviazané r. 2003,2005-2010 
952 |0 0  |1 0  |3 Spoločne zviazané r. 2003,2005-2010  |4 0  |7 0  |8 0  |a SNK  |b SNK  |d 2020-02-19  |i snk2020/3956  |l 0  |o snkČSB 7486/[12]/2009  |p 17A1386541  |r 2026-02-21 22:29:40  |t č. 1-2  |w 2026-02-21  |y PREZ  |z V č. 1, č. 2 označenie ročníka IXI, správne má byť XII. ; Spoločne zviazané r. 2003,2005-2010 
952 |0 0  |1 0  |3 Spoločne zviazané r. 2003,2005-2010  |4 0  |7 0  |8 0  |a SNK  |b SNK  |d 2020-02-19  |i snk2020/3956  |l 0  |o snkČSB 7486/13/2010  |p 17A1386540  |r 2026-02-21 22:29:41  |t č. 1  |w 2026-02-21  |y PREZ  |z Spoločne zviazané r. 2003,2005-2010 
952 |0 0  |1 0  |3 Spoločne zviazané r. 2011-2014  |4 0  |7 0  |8 0  |a SNK  |b SNK  |d 2020-02-19  |i snk2020/3987  |l 0  |o snkČSB 7486/14/2011  |p 17A1386539  |r 2026-02-21 22:29:41  |t č. 1  |w 2026-02-21  |y PREZ  |z Spoločne zviazané r. 2011-2014 
952 |0 0  |1 0  |3 Spoločne zviazané r. 2011-2014  |4 0  |7 0  |8 0  |a SNK  |b SNK  |d 2020-02-19  |i snk2020/3987  |l 0  |o snkČSB 7486/15/2012  |p 17A1386538  |r 2026-02-21 22:29:41  |t č. 1  |w 2026-02-21  |y PREZ  |z Spoločne zviazané r. 2011-2014 
952 |0 0  |1 0  |3 Spoločne zviazané r. 2011-2014  |4 0  |7 0  |8 0  |a SNK  |b SNK  |d 2020-02-19  |i snk2020/3987  |l 0  |o snkČSB 7486/16/2013  |p 17A1386537  |r 2026-02-21 22:29:41  |t č. 1  |w 2026-02-21  |y PREZ  |z Spoločne zviazané r. 2011-2014 
952 |0 0  |1 0  |3 Spoločne zviazané r. 2011-2014  |4 0  |7 0  |8 0  |a SNK  |b SNK  |d 2020-02-19  |i snk2020/3987  |l 0  |o snkČSB 7486/17/2014  |p 17A1386536  |r 2026-02-21 22:29:41  |t č. 1  |w 2026-02-21  |y PREZ  |z Spoločne zviazané r. 2011-2014